| 000 | 00918nab a2200265 u 4500 | ||
|---|---|---|---|
| 001 | 06723 | ||
| 003 | HDC | ||
| 007 | cr bn --- | ||
| 008 | 210123p9999 n |0 may | ||
| 040 | _aHDC | ||
| 100 |
_aNurul Hanis Noor Hasni, _eauthor _97186 |
||
| 245 | 0 |
_aFAKTOR-FAKTOR YANG MEMPENGARUHI KECENDERUNGAN PELAJAR UNTUK MEMBELI PRODUK KOSMETIK HALAL DI UUM / _cNurul Hanis Noor Hasni and Mastora Mustafar |
|
| 260 | _c[19--] | ||
| 336 |
_atext _2rdacontent |
||
| 337 |
_acomputer _2rdamedia |
||
| 338 |
_aonline resource _2rdacarrier |
||
| 650 |
_aConsumer _94455 |
||
| 650 |
_aCosmetics _924 |
||
| 650 |
_aHalal product _948 |
||
| 700 |
_aMastora Mustafar, _eauthor _97187 |
||
| 856 | _zRequest full-text at [email protected] | ||
| 942 | _2lcc | ||
| 942 | _cAR | ||
| 942 | _kJART 000608 | ||
| 999 |
_c4047 _d4047 |
||